[Event "AUTO-INT-941"]
[Site "http://www.queenalice.com/game.php?id=422077"]
[Date "2008.6.23"]
[Round "1"]
[White "AGVrpchessplayer"]
[Black "dropdead"]
[Result "1-0"]
[WhiteElo "1697"]
[BlackElo "1278"]

1. e4 e5 2. d4 Qh4 3. Nc3 Nf6 4. Nf3 Qg4 5. Nxe5 Qe6 6. Bc4 Qe7 7. Bxf7+ Kd8 8.
Bb3 Nxe4 9. Nxe4 d6 10. Bg5 Qxg5 11. Nf7+ Ke8 12. Nexg5 Rg8 13. Ba4+ c6 14. Qe2+
Kd7 15. d5 Kc7 16. Ne6+ Kb6 17. Qe3+ Ka6 18. Nc7+ Ka5 19. Qc3+ Kb6 20. Nxa8+ Ka6
21. Nd8 Be7 22. Qa3 b5 23. Bb3# 1-0

[Event "AUTO-INT-941"]
[Site "http://www.queenalice.com/game.php?id=422078"]
[Date "2008.6.23"]
[Round "1"]
[White "dropdead"]
[Black "AGVrpchessplayer"]
[Result "0-1"]
[WhiteElo "1278"]
[BlackElo "1697"]

1. e4 g6 2. Bc4 d6 3. Qf3 Nf6 4. Nh3 Nc6 5. a3 Ne5 6. Qe2 Bxh3 7. gxh3 Qd7 8.
Nc3 Qxh3 9. Bd5 c6 10. Bb3 Bh6 11. d3 Bxc1 12. Rxc1 Qg2 13. Rf1 Nf3+ 14. Kd1
Nxh2 15. Qe1 Nxf1 16. Ke2 Ng3+ 17. Kd1 h5 18. fxg3 h4 19. Ne2 h3 20. Kd2 h2 21.
Kc3 h1=Q 22. Qxh1 Rxh1 23. Rxh1 Qxh1 24. Bc4 d5 25. Bb3 dxe4 26. dxe4 Qxe4 27.
Nd4 Qe3+ 28. Kc4 b5+ 29. Kc5 Ne4+ 30. Kb4 a5# 0-1

[Event "Challenge"]
[Site "http://www.queenalice.com/game.php?id=422357"]
[Date "2008.6.24"]
[Round "-"]
[White "dropdead"]
[Black "Frost"]
[Result "0-1"]
[WhiteElo "1295"]
[BlackElo "1482"]

1. e4 e5 2. Qh5 g6 3. Qxe5+ Ne7 4. Qxh8 f6 5. Qxh7 f5 6. Bc4 d5 7. exd5 Nxd5 8.
Nf3 Be6 9. Ng5 Qxg5 10. O-O Nf4 11. Re1 Qxg2# 0-1

[Event "revenge"]
[Site "http://www.queenalice.com/game.php?id=423007"]
[Date "2008.6.25"]
[Round "-"]
[White "dropdead"]
[Black "Frost"]
[Result "0-1"]
[WhiteElo "1286"]
[BlackElo "1491"]

1. e4 e5 2. Bc4 Qf6 3. Nh3 Qh4 4. Qf3 f6 5. Nc3 d6 6. b3 Bg4 7. Qe3 c5 8. Nd5 g6
9. Nc7+ Ke7 10. Nxa8 Bh6 11. Qd3 f5 12. Bb2 Nf6 13. Nc7 fxe4 14. Qf1 e3 15. Ng1
exd2# 0-1

[Event "AUTO-BEG-228"]
[Site "http://www.queenalice.com/game.php?id=423279"]
[Date "2008.6.25"]
[Round "1"]
[White "brrapha"]
[Black "dropdead"]
[Result "1-0"]
[WhiteElo "1396"]
[BlackElo "1261"]

1. d4 e6 2. e4 Nh6 3. Nf3 g5 4. Nxg5 Rg8 5. Nxh7 Bg7 6. e5 d5 7. g4 f6 8. exf6
Bxf6 9. Qf3 Nd7 10. Rg1 Nf8 11. Nxf6+ Ke7 12. Bxh6 Ng6 13. g5 Kd6 14. Qg3+ Kc6
15. Nxg8 Qxg8 16. Qc3+ Kd7 17. Nd2 c6 18. Nf3 b5 19. Ne5+ Ke7 20. Nxc6+ Kf7 21.
Qf3+ Ke8 22. Bxb5 Bd7 23. c4 dxc4 24. a4 a6 25. Bxc4 1-0

[Event "AUTO-BEG-228"]
[Site "http://www.queenalice.com/game.php?id=423280"]
[Date "2008.6.25"]
[Round "1"]
[White "dropdead"]
[Black "brrapha"]
[Result "0-1"]
[WhiteElo "1250"]
[BlackElo "1407"]

1. e4 d5 2. exd5 Qxd5 3. Qf3 Qe6+ 4. Be2 Nf6 5. Nh3 Nd5 6. Ng5 Qf5 7. d3 h6 8.
g4 Qxf3 9. Bxf3 c6 10. Ne4 f5 11. gxf5 Bxf5 12. c4 Nb4 13. Nc5 Nxd3+ 14. Nxd3
Bxd3 15. Nc3 Nd7 16. Be2 Ne5 17. Na4 Bxc4 18. Nc5 O-O-O 19. Bf4 Nd3+ 20. Bxd3
Bxd3 21. Rd1 e5 22. Be3 Bc2 23. Rc1 Bf5 24. O-O b6 25. Na6 Bd3 26. Rfd1 Kb7 0-1

[Event "AUTO-BEG-228"]
[Site "http://www.queenalice.com/game.php?id=423291"]
[Date "2008.6.25"]
[Round "1"]
[White "drowzee1872"]
[Black "dropdead"]
[Result "1-0"]
[WhiteElo "1576"]
[BlackElo "1268"]

1. e4 e5 2. Nf3 Qf6 3. Nc3 g5 4. Nd5 Qg6 5. d3 Na6 6. Bxg5 f6 7. Bh4 c6 8. Nc3
d6 9. d4 exd4 10. Qxd4 Bh6 11. Qxd6 Bf8 12. Qd3 Nc5 13. Qd2 Be6 14. Bd3 Bh6 15.
Qe2 O-O-O 16. Rd1 Rd7 17. e5 1-0

[Event "AUTO-BEG-228"]
[Site "http://www.queenalice.com/game.php?id=423292"]
[Date "2008.6.25"]
[Round "1"]
[White "dropdead"]
[Black "drowzee1872"]
[Result "0-1"]
[WhiteElo "1264"]
[BlackElo "1580"]

1. e4 d5 2. Qf3 e5 3. exd5 Nf6 4. Nc3 Bc5 5. Ne4 Nxe4 6. Qxe4 Qf6 7. Nh3 Bxh3 8.
f3 Bf5 9. Qc4 Nd7 10. g4 Qh4+ 11. Kd1 Bg6 12. b4 Nb6 13. Qb5+ Nd7 14. Qxb7 O-O
15. Bb2 Bb6 16. Bd3 e4 17. fxe4 Qxg4+ 0-1

[Event "Challenge"]
[Site "http://www.queenalice.com/game.php?id=429636"]
[Date "2008.7.8"]
[Round "-"]
[White "ORNELAS"]
[Black "dropdead"]
[Result "1-0"]
[WhiteElo "1717"]
[BlackElo "1278"]

1. b3 e5 2. d3 Qf6 3. Bb2 Bc5 4. Nf3 Nc6 5. e4 Nh6 6. a3 Ng4 7. Qe2 Qf4 8. Kd1
Nxf2+ 9. Ke1 Nxh1 10. g3 Qf6 11. b4 Bf2+ 12. Kd1 d6 13. Kc1 Qh6+ 14. Nbd2 Be3
15. Kb1 Nf2 16. Bc1 Bb6 17. Ra2 Ng4 18. Nc4 Nd4 19. Qe1 Nxf3 20. Bxh6 Nxe1 21.
Bxg7 Rg8 22. Nxb6 cxb6 23. h3 1-0